Réagir, anticiper, soutenir. Ce que le monde du travail attend des sociologues (notice n° 1597061)

détails MARC
000 -LEADER
fixed length control field 01968cam a2200229 4500500
005 - DATE AND TIME OF LATEST TRANSACTION
control field 20251228074205.0
041 ## - LANGUAGE CODE
Language code of text/sound track or separate title fre
042 ## - AUTHENTICATION CODE
Authentication code dc
100 10 - MAIN ENTRY--PERSONAL NAME
Personal name Hinault, Anne-Claude
Relator term author
245 00 - TITLE STATEMENT
Title Réagir, anticiper, soutenir. Ce que le monde du travail attend des sociologues
260 ## - PUBLICATION, DISTRIBUTION, ETC.
Date of publication, distribution, etc. 2018.<br/>
500 ## - GENERAL NOTE
General note 46
520 ## - SUMMARY, ETC.
Summary, etc. RésuméLes demandes provenant du monde du travail adressées aux sociologues présentent de multiples visages. En s’appuyant sur un corpus de 65 terrains d’enquête menés dans le cadre d’un dispositif de formation continue depuis près d’une vingtaine d’années, cet article propose d’en élaborer une typologie. À partir d’un modèle envisageant tout à la fois l’orientation de la demande (compréhensive vs prescriptive) mais aussi sa temporalité (orientée vers le passé, le présent ou l’avenir), trois grands types d’attentes peuvent être repérés. Les premières, qui sont aussi les plus nombreuses, renvoient de la part des commanditaires à une demande de compréhension de symptômes critiques pour réagir de manière plus ajustée. Pour les deuxièmes, moins fréquentes, la demande d’analyse est mise en rapport avec un besoin d’anticipation : pressentant des changements à venir, les commanditaires cherchent à préserver ou à adapter des dynamiques sociales jusqu’alors vertueuses. Un troisième ensemble, largement minoritaire, correspond à des demandes plus prescriptives se traduisant par une demande de soutien pour renforcer ou aménager des dispositifs existants.
690 ## - LOCAL SUBJECT ADDED ENTRY--TOPICAL TERM (OCLC, RLIN)
Topical term or geographic name as entry element CHANGEMENT
690 ## - LOCAL SUBJECT ADDED ENTRY--TOPICAL TERM (OCLC, RLIN)
Topical term or geographic name as entry element DEMANDE – COMMANDE
690 ## - LOCAL SUBJECT ADDED ENTRY--TOPICAL TERM (OCLC, RLIN)
Topical term or geographic name as entry element INTERVENTION
690 ## - LOCAL SUBJECT ADDED ENTRY--TOPICAL TERM (OCLC, RLIN)
Topical term or geographic name as entry element SOCIOLOGIE DE L’ENTREPRISE
700 10 - ADDED ENTRY--PERSONAL NAME
Personal name Osty, Florence
Relator term author
700 10 - ADDED ENTRY--PERSONAL NAME
Personal name Servel, Laurence
Relator term author
786 0# - DATA SOURCE ENTRY
Note Sociologies pratiques | 36 | 1 | 2018-04-12 | p. 37-46 | 1235-9278
856 41 - ELECTRONIC LOCATION AND ACCESS
Uniform Resource Identifier <a href="https://shs.cairn.info/revue-sociologies-pratiques-2018-1-page-37?lang=fr&redirect-ssocas=7080">https://shs.cairn.info/revue-sociologies-pratiques-2018-1-page-37?lang=fr&redirect-ssocas=7080</a>

Pas d'exemplaire disponible.

PLUDOC

PLUDOC est la plateforme unique et centralisée de gestion des bibliothèques physiques et numériques de Guinée administré par le CEDUST. Elle est la plus grande base de données de ressources documentaires pour les Étudiants, Enseignants chercheurs et Chercheurs de Guinée.

Adresse

627 919 101/664 919 101

25 boulevard du commerce
Kaloum, Conakry, Guinée

Réseaux sociaux

Powered by Netsen Group @ 2025